[Event "British CF-67 Championship"]
[Site "Brighton/ East Sussex"]
[Date "1980.08.04"]
[Round "1"]
[White "Fuller, Maxwell L"]
[Black "Cummings, David"]
[Result "0-1"]
[WhiteElo "2355"]
[BlackElo "2265"]
[PlyCount "58"]
[GameId "1114898217906176"]
[EventDate "1980.08.04"]
[EventType "swiss"]
[EventRounds "11"]
[EventCountry "GBR"]
[SourceTitle "EXT 1999"]
[Source "ChessBase"]
[SourceDate "1998.11.10"]
[SourceVersion "1"]
[SourceVersionDate "1998.11.10"]
[SourceQuality "1"]

1. e4 c5 2. g3 Nc6 3. Bg2 g6 4. Ne2 Bg7 5. c3 e5 6. d3 Nge7 7. O-O O-O 8. a3 d5 9. exd5 Nxd5 10. b4 cxb4 11. axb4 Bg4 12. b5 Nce7 13. h3 Be6 14. Ba3 Qd7 15. Nd2 Rfd8 16. Ne4 Bxh3 17. Bxh3 Qxh3 18. c4 Nf6 19. Bxe7 Ng4 20. Re1 f5 21. N2c3 fxe4 22. Nxe4 Rd7 23. Bc5 Rad8 24. Ra3 b6 25. Be3 Rf7 26. Ra2 Qh2+ 27. Kf1 Qh1+ 28. Ke2 Qf3+ 29. Kd2 Qxe4 0-1

[Event "British CF-67 Championship"]
[Site "Brighton/ East Sussex"]
[Date "1980.08.05"]
[Round "2"]
[White "Cummings, David"]
[Black "Hartston, William R"]
[Result "0-1"]
[WhiteElo "2265"]
[BlackElo "2465"]
[PlyCount "86"]
[GameId "1114898217975808"]
[EventDate "1980.08.04"]
[EventType "swiss"]
[EventRounds "11"]
[EventCountry "GBR"]
[SourceTitle "EXT 1999"]
[Source "ChessBase"]
[SourceDate "1998.11.10"]
[SourceVersion "1"]
[SourceVersionDate "1998.11.10"]
[SourceQuality "1"]

1. c4 g6 2. Nf3 Bg7 3. e4 e5 4. d4 exd4 5. Nxd4 Nf6 6. Bd3 O-O 7. O-O Re8 8. Nc3 c6 9. Bg5 h6 10. Bh4 d6 11. Re1 Nbd7 12. Rb1 Qb6 13. Nc2 Nc5 14. b4 Nxd3 15. Qxd3 Ng4 16. Ne3 Qd4 17. Qxd4 Bxd4 18. Nxg4 Bxg4 19. Rbc1 a5 20. b5 Be6 21. Ne2 Bc5 22. bxc6 bxc6 23. Nf4 g5 24. Nxe6 Rxe6 25. Bg3 Rae8 26. Kf1 Rxe4 27. Rxe4 Rxe4 28. f3 Re6 29. Rb1 Bb4 30. Rb3 Kf8 31. a3 Bc5 32. Be1 a4 33. Rb8+ Re8 34. Rb7 Re3 35. Bb4 Bxb4 36. Rxb4 Rxa3 37. Rb6 Rc3 38. Rxc6 Ke7 39. Rc7+ Ke6 40. Kf2 Rc2+ 41. Kg3 a3 42. Ra7 a2 43. Ra5 Kd7 0-1

[Event "British CF-67 Championship"]
[Site "Brighton/ East Sussex"]
[Date "1980.08.06"]
[Round "3"]
[White "Britton, Richard"]
[Black "Cummings, David"]
[Result "1/2-1/2"]
[WhiteElo "2330"]
[BlackElo "2265"]
[PlyCount "125"]
[GameId "1114898218041344"]
[EventDate "1980.08.04"]
[EventType "swiss"]
[EventRounds "11"]
[EventCountry "GBR"]
[SourceTitle "EXT 1999"]
[Source "ChessBase"]
[SourceDate "1998.11.10"]
[SourceVersion "1"]
[SourceVersionDate "1998.11.10"]
[SourceQuality "1"]

1. e4 c5 2. Nf3 e6 3. d3 d5 4. Nbd2 Nc6 5. g3 Bd6 6. Bg2 Nge7 7. O-O O-O 8. Nh4 f6 9. f4 Bc7 10. c3 a5 11. a4 b6 12. Re1 Kh8 13. Qh5 Bd7 14. Bh3 f5 15. e5 Qe8 16. Qd1 g5 17. fxg5 Nxe5 18. Ndf3 N5g6 19. d4 Qf7 20. Qe2 Nc6 21. Nxg6+ hxg6 22. Bf4 Bxf4 23. gxf4 Qg7 24. Qd2 Rac8 25. Re3 Nd8 26. Ne5 Nc6 27. Bf1 Nxe5 28. Rxe5 Kg8 29. Qe3 Rfe8 30. Ba6 Rc7 31. b3 Qe7 32. Rd1 Kf7 33. Be2 cxd4 34. Rxd4 Qa3 35. c4 dxc4 36. Bxc4 Bc8 37. Rd2 Qa1+ 38. Kf2 Qh1 39. Kg3 Rce7 40. Qxb6 Bb7 41. Qf2 Rh8 42. Qe3 Be4 43. Rxe4 fxe4 44. Re2 Qf1 45. Rg2 Qa1 46. Qd2 Ra7 47. Kg4 Rc8 48. Qe3 Rd7 49. Qxe4 Qd1+ 50. Qe2 Rxc4 51. bxc4 Qxa4 52. Qc2 Qa1 53. c5 Qf1 54. c6 Rd3 55. Rg3 Rd4 56. Rf3 Qc4 57. Qxc4 Rxc4 58. Ra3 e5 59. Rxa5 Rxf4+ 60. Kg3 Rc4 61. Ra7+ Ke6 62. c7 Kf5 63. h4 1/2-1/2

[Event "British CF-67 Championship"]
[Site "Brighton/ East Sussex"]
[Date "1980.08.09"]
[Round "6"]
[White "Cummings, David"]
[Black "Bellin, Robert"]
[Result "0-1"]
[WhiteElo "2265"]
[BlackElo "2440"]
[PlyCount "61"]
[GameId "1114898218299392"]
[EventDate "1980.08.04"]
[EventType "swiss"]
[EventRounds "11"]
[EventCountry "GBR"]
[SourceTitle "EXT 1999"]
[Source "ChessBase"]
[SourceDate "1998.11.10"]
[SourceVersion "1"]
[SourceVersionDate "1998.11.10"]
[SourceQuality "1"]

1. c4 f5 2. Nf3 Nf6 3. g3 e6 4. Bg2 Be7 5. O-O O-O 6. b3 a5 7. Bb2 c6 8. d3 Na6 9. Nbd2 d6 10. a3 Bd7 11. e4 fxe4 12. dxe4 e5 13. Ne1 Qb6 14. Nd3 Bg4 15. Qe1 Nd7 16. h3 Bh5 17. Kh2 Nac5 18. Nxc5 Qxc5 19. f4 exf4 20. gxf4 Bf6 21. Bxf6 Nxf6 22. Qf2 Qxf2 23. Rxf2 Rfe8 24. Re1 Nd7 25. Bf3 Bxf3 26. Rxf3 Re6 27. Nf1 Rf8 28. Ng3 Ne5 29. Rff1 Nd3 30. Re3 Nxf4 31. Nf5 0-1

[Event "British CF-67 Championship"]
[Site "Brighton/ East Sussex"]
[Date "1980.08.13"]
[Round "9"]
[White "Cummings, David"]
[Black "Flear, Glenn C"]
[Result "0-1"]
[WhiteElo "2265"]
[BlackElo "2320"]
[PlyCount "90"]
[GameId "1114898218541056"]
[EventDate "1980.08.04"]
[EventType "swiss"]
[EventRounds "11"]
[EventCountry "GBR"]
[SourceTitle "EXT 1999"]
[Source "ChessBase"]
[SourceDate "1998.11.10"]
[SourceVersion "1"]
[SourceVersionDate "1998.11.10"]
[SourceQuality "1"]

1. c4 e6 2. Nf3 d5 3. g3 Nf6 4. Bg2 Be7 5. O-O O-O 6. b3 c5 7. Bb2 Nc6 8. e3 b6 9. Nc3 Bb7 10. cxd5 exd5 11. d4 Qd7 12. Rc1 Rad8 13. Na4 Ne4 14. dxc5 bxc5 15. Nd2 Qf5 16. Nxe4 dxe4 17. Qc2 Nb4 18. Qc3 Qg6 19. Rcd1 Nxa2 20. Qa5 Qa6 21. Qxa6 Bxa6 22. Rxd8 Rxd8 23. Ra1 f5 24. g4 fxg4 25. Bxe4 Nb4 26. Bc3 Bd3 27. Rd1 Bxe4 28. Rxd8+ Bxd8 29. Nxc5 Bc2 30. Bxb4 Be7 31. Kg2 Bxb3 32. f3 gxf3+ 33. Kxf3 Bd1+ 34. Ke4 Bd6 35. h3 Be2 36. Kd5 Bf8 37. Be1 g5 38. e4 Bf1 39. h4 g4 40. e5 Bg2+ 41. Kd4 Kf7 42. Nd3 Bf3 43. Nf4 Ba3 44. Nd3 Ke6 45. Bg3 Kf5 0-1

[Event "British CF-67 Championship"]
[Site "Brighton/ East Sussex"]
[Date "1980.08.14"]
[Round "10"]
[White "Pein, Malcolm"]
[Black "Cummings, David"]
[Result "1/2-1/2"]
[WhiteElo "2240"]
[BlackElo "2265"]
[PlyCount "54"]
[GameId "1114898218659840"]
[EventDate "1980.08.04"]
[EventType "swiss"]
[EventRounds "11"]
[EventCountry "GBR"]
[SourceTitle "EXT 1999"]
[Source "ChessBase"]
[SourceDate "1998.11.10"]
[SourceVersion "1"]
[SourceVersionDate "1998.11.10"]
[SourceQuality "1"]

1. d4 Nf6 2. c4 e6 3. Nf3 b6 4. g3 Ba6 5. Qa4 c5 6. Bg2 Bb7 7. O-O cxd4 8. Nxd4 Bxg2 9. Kxg2 Be7 10. Nc3 O-O 11. Rd1 a6 12. Bf4 Qc8 13. Rd2 Nh5 14. Be3 d6 15. f3 Qb7 16. Rad1 Rc8 17. Bf2 Nd7 18. Ne4 Nc5 19. Nxc5 bxc5 20. Nb3 Nf6 21. e4 Nd7 22. Nc1 Ne5 23. Qc2 f5 24. Re1 Rf8 25. f4 Ng4 26. Qb3 Rab8 27. Qxb7 Rxb7 1/2-1/2

[Event "Lloyds Bank op 04th"]
[Site "London"]
[Date "1980.08.22"]
[Round "3"]
[White "Cummings, David"]
[Black "Chandler, Murray G"]
[Result "0-1"]
[WhiteElo "2265"]
[BlackElo "2450"]
[PlyCount "90"]
[GameId "1114898222931968"]
[EventDate "1980.08.20"]
[EventType "swiss"]
[EventRounds "9"]
[EventCountry "ENG"]
[SourceTitle "EXT 2001"]
[Source "ChessBase"]
[SourceDate "2000.11.22"]
[SourceVersion "1"]
[SourceVersionDate "2000.11.22"]
[SourceQuality "1"]

1. c4 e5 2. Nc3 Nf6 3. Nf3 Nc6 4. g3 Bb4 5. Bg2 O-O 6. O-O e4 7. Ne1 Bxc3 8. dxc3 h6 9. Nc2 d6 10. Ne3 Re8 11. Qc2 a5 12. a4 Qe7 13. f4 exf3 14. exf3 Qe5 15. Kh1 Qc5 16. Qd2 Be6 17. b3 Rad8 18. Ba3 Qb6 19. Rab1 d5 20. cxd5 Bxd5 21. Nxd5 Rxd5 22. Qf2 Qxf2 23. Rxf2 Rd3 24. Rc1 Nd5 25. Bb2 Ree3 26. f4 Nxc3 27. Bxc6 bxc6 28. Bxc3 Rxc3 29. Rfc2 Rxb3 30. Rxc6 Re2 31. R6c2 Rxc2 32. Rxc2 Rb4 33. Rxc7 Rxa4 34. Kg2 Ra2+ 35. Kh3 h5 36. Ra7 g6 37. g4 hxg4+ 38. Kxg4 Kg7 39. f5 gxf5+ 40. Kxf5 Rxh2 41. Kg5 Ra2 42. Ra6 Ra1 43. Kg4 a4 44. Kg3 f6 45. Kg2 Kg6 0-1

[Event "Lloyds Bank op 04th"]
[Site "London"]
[Date "1980.08.26"]
[Round "7"]
[White "Cummings, David"]
[Black "Ravikumar, Vaidyanathan"]
[Result "1-0"]
[WhiteElo "2265"]
[BlackElo "2305"]
[PlyCount "119"]
[GameId "1114898223165440"]
[EventDate "1980.08.20"]
[EventType "swiss"]
[EventRounds "9"]
[EventCountry "ENG"]
[SourceTitle "EXT 2001"]
[Source "ChessBase"]
[SourceDate "2000.11.22"]
[SourceVersion "1"]
[SourceVersionDate "2000.11.22"]
[SourceQuality "1"]

1. c4 e6 2. Nf3 d5 3. g3 Nf6 4. Bg2 Be7 5. O-O O-O 6. b3 b6 7. Bb2 Bb7 8. e3 c5 9. Nc3 dxc4 10. bxc4 Nc6 11. d3 Rc8 12. Qe2 Qc7 13. Ne1 Rfd8 14. f4 Rd7 15. a3 Rcd8 16. Rd1 a6 17. g4 Na5 18. g5 Bxg2 19. Nxg2 Ne8 20. Rf3 f5 21. gxf6 Bxf6 22. f5 Qc6 23. fxe6 Qxe6 24. Nd5 b5 25. Rdf1 bxc4 26. dxc4 Nxc4 27. Bxf6 Nxf6 28. Nxf6+ gxf6 29. Rxf6 Qd5 30. Qf2 Kh8 31. Rf8+ Rxf8 32. Qxf8+ Qg8 33. Qf6+ Rg7 34. Rd1 Nxe3 35. Rd8 Nxg2 36. Rxg8+ Kxg8 37. Qxa6 Nf4+ 38. Kf2 Rf7 39. Kg3 Kg7 40. a4 Nd5 41. Qc6 Nb4 42. Qxc5 Na6 43. Qg5+ Kh8 44. Qe5+ Kg8 45. Qe6 Nc7 46. Qc8+ Kg7 47. Qb7 Kg6 48. a5 Kg7 49. a6 Nxa6 50. Qxa6 Kg8 51. h4 Kg7 52. h5 Rf6 53. Qb7+ Kh6 54. Kg4 Rf7 55. Qc6+ Kg7 56. Kg5 Kg8 57. Qe8+ Rf8 58. Qe6+ Rf7 59. Qd5 Kh8 60. Qd8+ 1-0

[Event "Manchester Benedictine op 3rd"]
[Site "Manchester"]
[Date "1980.??.??"]
[Round "1"]
[White "Langeweg, Kick"]
[Black "Cummings, David"]
[Result "1-0"]
[WhiteElo "2425"]
[BlackElo "2265"]
[PlyCount "59"]
[GameId "1114898225618944"]
[EventDate "1980.09.03"]
[EventType "swiss"]
[EventRounds "9"]
[EventCountry "ENG"]
[SourceTitle "EXT 1999"]
[Source "ChessBase"]
[SourceDate "1998.11.10"]
[SourceVersion "1"]
[SourceVersionDate "1998.11.10"]
[SourceQuality "1"]

1. Nf3 Nf6 2. c4 b6 3. g3 Bb7 4. d4 g6 5. Bg2 Bg7 6. O-O O-O 7. Qc2 c5 8. d5 b5 9. Nc3 bxc4 10. Ne5 d6 11. Nxc4 Nbd7 12. Rd1 Rb8 13. Rb1 Ba6 14. Ne3 Qc7 15. b3 Rfc8 16. Bd2 Nb6 17. Qc1 e6 18. dxe6 fxe6 19. Qa3 Bb7 20. Bxb7 Rxb7 21. Qa6 d5 22. Nb5 Qe7 23. Nd6 Qxd6 24. Qxb7 Rb8 25. Qa6 Ne4 26. Be1 Bd4 27. Nc2 Bc3 28. Qd3 Qe5 29. f3 Bxe1 30. fxe4 1-0

[Event "Manchester Benedictine op 3rd"]
[Site "Manchester"]
[Date "1980.??.??"]
[Round "6"]
[White "Cummings, David"]
[Black "Treppner, Gerd"]
[Result "0-1"]
[WhiteElo "2265"]
[BlackElo "2205"]
[PlyCount "68"]
[GameId "1114898225836032"]
[EventDate "1980.09.03"]
[EventType "swiss"]
[EventRounds "9"]
[EventCountry "ENG"]
[SourceTitle "EXT 1999"]
[Source "ChessBase"]
[SourceDate "1998.11.10"]
[SourceVersion "1"]
[SourceVersionDate "1998.11.10"]
[SourceQuality "1"]

1. c4 e5 2. Nc3 Nf6 3. Nf3 Nc6 4. g3 Nd4 5. Bg2 Nxf3+ 6. Bxf3 Bc5 7. d3 O-O 8. O-O c6 9. Qc2 h6 10. Na4 Be7 11. c5 d5 12. cxd6 Bxd6 13. Re1 Qc7 14. Bd2 Bh3 15. a3 Nd7 16. b4 f5 17. b5 cxb5 18. Qb3+ Kh8 19. Qxb5 e4 20. Bh1 Nc5 21. Nxc5 Bxc5 22. Bb4 Bxb4 23. Qxb4 Rac8 24. e3 Qf7 25. d4 Rc4 26. Qb5 Rfc8 27. f3 Rc2 28. Qe5 Qb3 29. d5 Rc1 30. Qd4 Rxa1 31. Rxa1 Rc4 32. Qd2 Rc2 33. Qd4 Rb2 34. Rc1 Qa2 0-1

[Event "Competence Computers International"]
[Site "Brighton"]
[Date "1980.12.10"]
[Round "1"]
[White "Taulbut, Shaun M"]
[Black "Cummings, David"]
[Result "1-0"]
[WhiteElo "2375"]
[BlackElo "2265"]
[PlyCount "63"]
[GameId "1167822820069376"]
[EventDate "1980.12.10"]
[EventType "tourn"]
[EventRounds "9"]
[EventCountry "ENG"]
[SourceTitle "EXT 2018"]
[Source "ChessBase"]
[SourceDate "2017.10.13"]
[SourceVersion "1"]
[SourceVersionDate "2017.10.13"]
[SourceQuality "1"]

1. e4 c5 2. Nf3 e6 3. d4 cxd4 4. Nxd4 Nc6 5. Nc3 a6 6. g3 Nge7 7. Nb3 d6 8. Bg2 Bd7 9. a4 Nc8 10. O-O Be7 11. Qe2 O-O 12. a5 Bf6 13. Rd1 Qc7 14. f4 Nb4 15. Be3 Rb8 16. Qf2 b5 17. axb6 Nxb6 18. e5 Nc4 19. exf6 Nxc2 20. Nd5 exd5 21. Qxc2 Qb7 22. Qxc4 dxc4 23. Bxb7 Rxb7 24. Na5 Rxb2 25. Nxc4 Re2 26. Rd2 Rxd2 27. Bxd2 d5 28. Nb6 Bb5 29. Nxd5 gxf6 30. Nxf6+ Kg7 31. Bc3 Rc8 32. Ne4+ 1-0

[Event "Competence Computers International"]
[Site "Brighton"]
[Date "1980.12.11"]
[Round "2"]
[White "Cummings, David"]
[Black "Chandler, Murray G"]
[Result "1/2-1/2"]
[WhiteElo "2265"]
[BlackElo "2450"]
[PlyCount "81"]
[GameId "1167822820077568"]
[EventDate "1980.12.10"]
[EventType "tourn"]
[EventRounds "9"]
[EventCountry "ENG"]
[SourceTitle "EXT 2018"]
[Source "ChessBase"]
[SourceDate "2017.10.13"]
[SourceVersion "1"]
[SourceVersionDate "2017.10.13"]
[SourceQuality "1"]

1. c4 c5 2. Nf3 Nf6 3. g3 d5 4. cxd5 Nxd5 5. Bg2 Nc6 6. d4 cxd4 7. Nxd4 Ndb4 8. Nxc6 Qxd1+ 9. Kxd1 Nxc6 10. Bxc6+ bxc6 11. Nc3 g6 12. Bf4 Bg7 13. Kd2 O-O 14. Rhc1 a5 15. Na4 Ra7 16. f3 Rb7 17. Rxc6 Rb4 18. Nc3 Rxb2+ 19. Ke1 Bb7 20. Rc7 Ba6 21. Bd2 Rd8 22. Rd1 Bxc3 23. Rxc3 Rxa2 24. Re3 Kf8 25. Re5 f6 26. Re3 Kf7 27. f4 Bc8 28. Bc1 Rxd1+ 29. Kxd1 Bg4 30. Ke1 a4 31. Ba3 e6 32. Bc5 Rc2 33. Bb4 Rc4 34. Ba3 Bf5 35. Bb2 Rc2 36. Ba3 Ke8 37. Kd1 Rc4 38. Bb2 Ke7 39. Rc3 Rd4+ 40. Ke1 Rd7 41. Ba3+ 1/2-1/2

[Event "Competence Computers International"]
[Site "Brighton"]
[Date "1980.12.12"]
[Round "3"]
[White "Watson, William N"]
[Black "Cummings, David"]
[Result "1/2-1/2"]
[WhiteElo "2335"]
[BlackElo "2265"]
[PlyCount "75"]
[GameId "1167822820114432"]
[EventDate "1980.12.10"]
[EventType "tourn"]
[EventRounds "9"]
[EventCountry "ENG"]
[SourceTitle "EXT 2018"]
[Source "ChessBase"]
[SourceDate "2017.10.13"]
[SourceVersion "1"]
[SourceVersionDate "2017.10.13"]
[SourceQuality "1"]

1. e4 c5 2. Nf3 e6 3. d4 cxd4 4. Nxd4 Nc6 5. Nc3 a6 6. Bf4 d6 7. Bg3 Nf6 8. Be2 Be7 9. Nxc6 bxc6 10. e5 Nd5 11. exd6 Bxd6 12. Na4 Bxg3 13. hxg3 Qa5+ 14. c3 c5 15. Bf3 O-O 16. Be4 h6 17. O-O Bd7 18. Bc2 Rfd8 19. Qg4 Rac8 20. Rfc1 Bc6 21. Qh4 Nf6 22. Rd1 Qb5 23. c4 Qb7 24. Nxc5 Qxb2 25. Bb3 Qa3 26. Nd3 Ba4 27. Rab1 Bxb3 28. axb3 Rb8 29. Ne5 Qc5 30. Rxd8+ Rxd8 31. Ng4 Qf5 32. Nxf6+ gxf6 33. Rc1 Rd2 34. Qf4 Qxf4 35. gxf4 Rd3 36. Rb1 Rc3 37. Kf1 Rc2 38. g3 1/2-1/2

[Event "Competence Computers International"]
[Site "Brighton"]
[Date "1980.12.13"]
[Round "4"]
[White "Cummings, David"]
[Black "Goodman, David SC"]
[Result "1/2-1/2"]
[WhiteElo "2265"]
[BlackElo "2375"]
[PlyCount "153"]
[GameId "1167822820118528"]
[EventDate "1980.12.10"]
[EventType "tourn"]
[EventRounds "9"]
[EventCountry "ENG"]
[SourceTitle "EXT 2018"]
[Source "ChessBase"]
[SourceDate "2017.10.13"]
[SourceVersion "1"]
[SourceVersionDate "2017.10.13"]
[SourceQuality "1"]

1. c4 g6 2. Nc3 Bg7 3. g3 e5 4. Bg2 Nc6 5. Rb1 a5 6. a3 d6 7. b4 axb4 8. axb4 Nf6 9. d3 O-O 10. b5 Ne7 11. Nf3 h6 12. Qb3 Nh5 13. O-O Bg4 14. Ba3 Rb8 15. Nd2 Be6 16. Nd5 Qd7 17. Rfc1 Kh7 18. Qc2 f5 19. Bb4 b6 20. Bc3 f4 21. Nxe7 Qxe7 22. Ne4 Qd7 23. Ra1 Bh3 24. Ra7 Nf6 25. Bb4 Nxe4 26. Bxe4 Rf6 27. f3 h5 28. Kf2 Bh6 29. Rg1 fxg3+ 30. hxg3 Be6 31. Rh1 Bf5 32. Bc6 Qe7 33. Bd2 Bxd2 34. Qxd2 Rf7 35. Ke1 Be6 36. g4 h4 37. g5 h3 38. Bd5 Kg7 39. Qe3 Rh8 40. d4 Bxd5 41. cxd5 Rh4 42. f4 exf4 43. Qxe7 Rxe7 44. Kf2 Rh5 45. Ra3 h2 46. Rf3 Rxg5 47. Rxf4 Rxd5 48. Rxh2 Rxb5 49. Rfh4 Rf5+ 50. Ke1 d5 51. Rh8 Kf6 52. Rd8 c5 53. Rg2 Re6 54. Rf2 cxd4 55. Rxd5 Re4 56. Rfxf5+ gxf5 57. Kd2 Re5 58. Rxd4 Ke6 59. Rb4 b5 60. Kd3 Kd6 61. Rf4 Kd5 62. Kd2 Kc6 63. Kc3 Kc5 64. Rf3 b4+ 65. Kb3 Kb5 66. Rf2 Kc5 67. Rf3 Kb5 68. Rf2 Re3+ 69. Kb2 Ka4 70. Rxf5 Rxe2+ 71. Kb1 Ka3 72. Rf3+ Ka4 73. Rg3 Rf2 74. Rh3 Rg2 75. Rf3 Rh2 76. Rg3 b3 77. Rg8 1/2-1/2

[Event "Competence Computers International"]
[Site "Brighton"]
[Date "1980.12.14"]
[Round "5"]
[White "Van der Vliet, Fredrik"]
[Black "Cummings, David"]
[Result "1-0"]
[WhiteElo "2380"]
[BlackElo "2265"]
[PlyCount "87"]
[GameId "1167822820151296"]
[EventDate "1980.12.10"]
[EventType "tourn"]
[EventRounds "9"]
[EventCountry "ENG"]
[SourceTitle "EXT 2018"]
[Source "ChessBase"]
[SourceDate "2017.10.13"]
[SourceVersion "1"]
[SourceVersionDate "2017.10.13"]
[SourceQuality "1"]

1. d4 Nf6 2. c4 e6 3. g3 d5 4. Bg2 Be7 5. Nf3 O-O 6. O-O dxc4 7. Qc2 a6 8. Qxc4 b5 9. Qc2 Bb7 10. Bd2 Nbd7 11. Ba5 Rc8 12. Nbd2 Qe8 13. b4 Bd8 14. a4 e5 15. axb5 axb5 16. dxe5 Nxe5 17. Nxe5 Bxg2 18. Kxg2 Qxe5 19. Nf3 Qe6 20. Rfd1 Re8 21. Nd4 Qd5+ 22. Kg1 Ng4 23. Qc6 Qxc6 24. Nxc6 Bf6 25. Ra2 Re6 26. Rc2 Rce8 27. e3 h5 28. Bxc7 h4 29. gxh4 Bxh4 30. Bg3 Bf6 31. Rd5 Ra8 32. Kg2 Ra1 33. Rxb5 Rb1 34. Rbc5 g6 35. R5c4 Nh6 36. e4 Bg7 37. f3 f5 38. e5 g5 39. Rc1 Rb2+ 40. R4c2 Rxc2+ 41. Rxc2 f4 42. Bf2 Bxe5 43. b5 Bd6 44. b6 1-0

[Event "Competence Computers International"]
[Site "Brighton"]
[Date "1980.12.15"]
[Round "6"]
[White "Cummings, David"]
[Black "Day, Lawrence"]
[Result "0-1"]
[WhiteElo "2265"]
[BlackElo "2385"]
[PlyCount "81"]
[GameId "1167822820163584"]
[EventDate "1980.12.10"]
[EventType "tourn"]
[EventRounds "9"]
[EventCountry "ENG"]
[SourceTitle "EXT 2018"]
[Source "ChessBase"]
[SourceDate "2017.10.13"]
[SourceVersion "1"]
[SourceVersionDate "2017.10.13"]
[SourceQuality "1"]

1. c4 g6 2. Nc3 Bg7 3. g3 d6 4. Bg2 Nc6 5. Rb1 Bd7 6. d3 a6 7. Bd2 Qc8 8. Qc1 h5 9. h4 Ne5 10. b4 Bc6 11. f3 Nh6 12. b5 axb5 13. cxb5 Bd7 14. Nd5 Kd8 15. d4 Be6 16. Nxe7 Nxf3+ 17. Nxf3 Kxe7 18. e4 Bg4 19. Qc4 Qe6 20. Qxc7+ Qd7 21. Qxd7+ Kxd7 22. e5 Rxa2 23. Ng5 f6 24. Ne4 fxe5 25. Nc3 Rc2 26. Bxb7 exd4 27. Bc6+ Kc8 28. Nd5 Nf5 29. Nb4 Rxc6 30. bxc6 Re8+ 31. Kf1 Nxg3+ 32. Kg1 Kc7 33. Rh2 Ne2+ 34. Kf1 d3 35. Nxd3 Kxc6 36. Nf2 Ng3+ 37. Kg1 Bd4 38. Rg2 Nf5 39. Kf1 Nxh4 40. Rh2 Nf3 41. Nxg4 0-1

[Event "Competence Computers International"]
[Site "Brighton"]
[Date "1980.12.16"]
[Round "7"]
[White "Tisdall, Jonathan D"]
[Black "Cummings, David"]
[Result "1-0"]
[WhiteElo "2350"]
[BlackElo "2265"]
[PlyCount "71"]
[GameId "1167822820188160"]
[EventDate "1980.12.10"]
[EventType "tourn"]
[EventRounds "9"]
[EventCountry "ENG"]
[SourceTitle "EXT 2018"]
[Source "ChessBase"]
[SourceDate "2017.10.13"]
[SourceVersion "1"]
[SourceVersionDate "2017.10.13"]
[SourceQuality "1"]

1. d4 Nf6 2. c4 e6 3. Nf3 b6 4. e3 Bb7 5. Bd3 d5 6. O-O Bd6 7. Nc3 O-O 8. b3 a6 9. Bb2 Nbd7 10. Qe2 c5 11. cxd5 exd5 12. Rac1 Re8 13. Bf5 Ne4 14. dxc5 Nxc3 15. Bxc3 bxc5 16. Qd3 Nf8 17. Rfd1 Ng6 18. g3 a5 19. Rd2 Qb6 20. Ba1 Rad8 21. Bh3 Bf8 22. Bg2 h6 23. Qc2 Qa7 24. Qd1 Qa8 25. Ne1 Be7 26. Qf3 Rd7 27. Qf5 Red8 28. Nd3 Qa7 29. h4 Bf8 30. h5 Ne7 31. Qg4 Nc6 32. Nxc5 f5 33. Qxf5 Bxc5 34. Rxd5 Rxd5 35. Bxd5+ Kh8 36. Bxg7+ 1-0

[Event "Competence Computers International"]
[Site "Brighton"]
[Date "1980.12.17"]
[Round "8"]
[White "Speelman, Jonathan S"]
[Black "Cummings, David"]
[Result "1-0"]
[WhiteElo "2490"]
[BlackElo "2265"]
[PlyCount "101"]
[GameId "1167822820208640"]
[EventDate "1980.12.10"]
[EventType "tourn"]
[EventRounds "9"]
[EventCountry "ENG"]
[SourceTitle "EXT 2018"]
[Source "ChessBase"]
[SourceDate "2017.10.13"]
[SourceVersion "1"]
[SourceVersionDate "2017.10.13"]
[SourceQuality "1"]

1. e4 c5 2. Nf3 e6 3. d4 cxd4 4. Nxd4 a6 5. Bd3 Ne7 6. O-O Nec6 7. Nxc6 Nxc6 8. Bf4 d6 9. Nd2 Be7 10. a4 Ne5 11. Nc4 Qc7 12. b3 O-O 13. a5 Nxc4 14. Bxc4 b5 15. axb6 Qxb6 16. Qh5 Bb7 17. Rfe1 Rac8 18. Qe2 Bf6 19. Ra4 Ra8 20. Bd3 Rfd8 21. Be3 Qc7 22. Bd4 Bxd4 23. Rxd4 a5 24. e5 dxe5 25. Qxe5 Qxe5 26. Rxd8+ Rxd8 27. Rxe5 Rd5 28. Rxd5 Bxd5 29. f4 Kf8 30. Kf2 Ke7 31. g3 h6 32. Ke3 Kd6 33. Be4 Kc5 34. Bxd5 exd5 35. c3 Kd6 36. Kd4 f6 37. g4 Kc6 38. h3 Kd6 39. h4 Kc6 40. g5 hxg5 41. fxg5 fxg5 42. hxg5 Kd6 43. g6 Kc6 44. Ke5 Kc5 45. Ke6 d4 46. cxd4+ Kxd4 47. Kf7 Kc3 48. Kxg7 Kxb3 49. Kf6 a4 50. g7 a3 51. g8=Q+ 1-0

[Event "Competence Computers International"]
[Site "Brighton"]
[Date "1980.12.18"]
[Round "9"]
[White "Cummings, David"]
[Black "Gruchacz, Robert"]
[Result "1/2-1/2"]
[WhiteElo "2265"]
[BlackElo "2365"]
[PlyCount "25"]
[GameId "1167822820220928"]
[EventDate "1980.12.10"]
[EventType "tourn"]
[EventRounds "9"]
[EventCountry "ENG"]
[SourceTitle "EXT 2018"]
[Source "ChessBase"]
[SourceDate "2017.10.13"]
[SourceVersion "1"]
[SourceVersionDate "2017.10.13"]
[SourceQuality "1"]

1. c4 g6 2. Nc3 c5 3. g3 Bg7 4. Bg2 Nc6 5. Rb1 Rb8 6. a3 a6 7. b4 cxb4 8. axb4 b5 9. cxb5 axb5 10. Nf3 e6 11. d4 d5 12. Bf4 Rb6 13. O-O 1/2-1/2

[Event "Chichester Young Masters"]
[Site "Chichester"]
[Date "1981.02.27"]
[Round "1"]
[White "West, Guy"]
[Black "Cummings, David"]
[Result "1-0"]
[WhiteElo "2280"]
[BlackElo "2330"]
[PlyCount "85"]
[GameId "996665247404032"]
[EventDate "1981.02.27"]
[EventType "swiss"]
[EventRounds "6"]
[EventCountry "ENG"]
[SourceTitle "EXT 2023"]
[Source "ChessBase"]
[SourceDate "2022.10.05"]
[SourceVersion "1"]
[SourceVersionDate "2022.10.05"]
[SourceQuality "1"]

1. e4 c5 2. Nf3 e6 3. b3 d6 4. Bb2 Nf6 5. e5 dxe5 6. Nxe5 Nbd7 7. Bb5 a6 8. Nxd7 Bxd7 9. Bxd7+ Qxd7 10. O-O Be7 11. d3 O-O 12. Nd2 Nd5 13. Nf3 f6 14. d4 Rfd8 15. c4 Nf4 16. g3 Ng6 17. Qe2 cxd4 18. Bxd4 e5 19. Bb6 Re8 20. Rfd1 Qc6 21. c5 Nf8 22. Qc4+ Kh8 23. Qd5 a5 24. Rac1 Rec8 25. a3 Ne6 26. Qxc6 Rxc6 27. b4 axb4 28. axb4 Bd8 29. Bxd8 Rxd8 30. Rxd8+ Nxd8 31. Ra1 Rc8 32. Nd2 Nc6 33. Ra4 h6 34. h4 Kh7 35. h5 Rd8 36. Ne4 Rd4 37. Nd6 Nxb4 38. Nxb7 Nc6 39. Ra8 g6 40. Rc8 Rd1+ 41. Kg2 Rd7 42. Rxc6 Rxb7 43. Rb6 1-0